[Event "SLO-chT"]
[Site "Ljubljana"]
[Date "1997.??.??"]
[Round "?"]
[White "Cebalo, Miso"]
[Black "Cvitan, Ognjen"]
[Result "1/2-1/2"]
[WhiteElo "2485"]
[BlackElo "2570"]

1.d4 Nf6 2.Nf3 g6 3.c4 Bg7 4.Nc3 O-O 5.e4 d6 6.Be2 e5 7.O-O Nc6 8.Be3 Ng4
9.Bg5 f6 10.Bc1 Kh8 11.h3 exd4 12.Nxd4 Nxd4 13.Qxd4 f5 14.Qd1 Ne5 15.exf5 Bxf5
16.f4 Nc6 17.Be3 Qf6 18.Qd2 Nd4 19.Bd3 Rae8 20.Rad1 a6 21.Bxf5 Nxf5 22.Bf2 Ne7
23.Rfe1 Qf7 24.b3 g5 25.c5 dxc5 26.Bxc5 gxf4 27.Ne4 Qg6 28.Nf2 Qg5 29.Ne4 Qg6
30.Nf2 Qg5 31.Ne4  1/2-1/2

[Event "SLO-chT"]
[Site "Ljubljana"]
[Date "1997.??.??"]
[Round "?"]
[White "Jelen, Igor"]
[Black "Grosar, Kiti"]
[Result "1-0"]
[WhiteElo "2435"]
[BlackElo "2190"]

1.d4 Nf6 2.c4 g6 3.Nc3 Bg7 4.e4 d6 5.Nf3 O-O 6.Be2 e5 7.O-O Nc6 8.d5 Ne7
9.Nd2 Ne8 10.b4 f5 11.c5 Nf6 12.Bc4 f4 13.b5 b6 14.cxd6 cxd6 15.a4 g5 16.a5 bxa5
17.Qa4 Nd7 18.Qxa5 Nb6 19.Na4 Bd7 20.Bd3 Nec8 21.Nxb6 Nxb6 22.Nc4 Qe7 23.Nxb6 axb6
24.Qxa8 Rxa8 25.Rxa8+ Bf8 26.Ba3 f3 27.g3 Bh3 28.Rc1 h5 29.Rc6 Qb7 30.Ra6 h4
31.Rcxb6 Qh7 32.Ra8 hxg3 33.Rxf8+ Kxf8 34.Bxd6+  1-0

[Event "Ljubljana op"]
[Site "Ljubljana"]
[Date "1997.??.??"]
[Round "2"]
[White "Dizdar, Selim"]
[Black "Ipavec, Petra"]
[Result "1-0"]
[WhiteElo "2395"]
[BlackElo "2065"]

1.c4 Nf6 2.Nc3 g6 3.e4 d6 4.d4 Bg7 5.Nf3 O-O 6.Be2 e5 7.O-O Nc6 8.d5 Ne7
9.Nd2 Nd7 10.b4 f5 11.c5 Nf6 12.f3 f4 13.Nc4 g5 14.a4 Ng6 15.Ba3 Rf7 16.b5 Bf8
17.b6 cxb6 18.cxd6 h5 19.Nb5 g4 20.Nc7 Rxc7 21.dxc7 Qxc7 22.Bxf8 Kxf8 23.Rc1 g3
24.Qe1 gxh2+ 25.Kxh2 Ng4+ 26.fxg4 hxg4 27.g3 Kg8 28.Rh1 Qg7 29.Nd6 fxg3+
30.Kxg3 Qf6 31.Nf5 Bxf5 32.exf5 Qxf5 33.Qd2 e4 34.Rcf1 Qe5+ 35.Kg2 e3 36.Qd3 Kg7
37.Qf5 Qe7 38.Bd3  1-0

[Event "SLO-ch (Women)"]
[Site "Ljubljana"]
[Date "1997.??.??"]
[Round "2"]
[White "Vospernik, Mira"]
[Black "Grosar, Kiti"]
[Result "0-1"]
[WhiteElo "2120"]
[BlackElo "2225"]

1.d4 Nf6 2.Nf3 g6 3.c4 Bg7 4.Nc3 O-O 5.e4 d6 6.Be2 e5 7.O-O Nc6 8.d5 Ne7
9.Bg5 h6 10.Bh4 Nh5 11.Ne1 Nf4 12.Nd3 c5 13.f3 f5 14.Nxf4 exf4 15.exf5 g5
16.Bf2 Nxf5 17.Qd2 Nd4 18.Kh1 h5 19.h3 Be5 20.Ne4 Qe7 21.Bd3 Nf5 22.Rae1 g4
23.fxg4 hxg4 24.Rg1 g3 25.Bxc5 dxc5 26.Nxc5 Ne3 27.Rxe3 fxe3 28.Qxe3 Qf6
29.Ne4 Qf4 30.Qc5 Bxh3 31.Qe7 Bf5  0-1

[Event "Ljubljana op"]
[Site "Ljubljana"]
[Date "1997.??.??"]
[Round "9"]
[White "Vukanovic, Sasa"]
[Black "Podvrsnik, Marko"]
[Result "1-0"]
[WhiteElo "2380"]
[BlackElo "2195"]

1.Nf3 Nf6 2.c4 g6 3.Nc3 Bg7 4.e4 d6 5.d4 O-O 6.Be2 e5 7.O-O Nc6 8.d5 Ne7
9.b4 a5 10.Ba3 axb4 11.Bxb4 Nd7 12.a4 Nc5 13.a5 Na6 14.Ba3 Bd7 15.Nd2 f5
16.Bd3 Kh8 17.Nb3 Bf6 18.c5 Nc8 19.Qc2 Bg5 20.Qe2 Nb8 21.Bb2 Be8 22.f3 f4
23.Rfc1 Bf6 24.Nb5 Rf7 25.Ba3 Na6 26.Ra2 Rg7 27.Rac2 Be7 28.cxd6 Bxd6 29.Nxd6 cxd6
30.Bb5 Bxb5 31.Qxb5 Rd7 32.Nd2 Na7 33.Qb6 Qxb6+ 34.axb6 Nb5 35.Bb2 Nc5 36.Bxe5+ dxe5
37.Rxc5 Nd4 38.Rc8+ Kg7 39.Rxa8 Ne2+ 40.Kf2 Nxc1 41.Rc8 Nd3+ 42.Ke2 Nb4 43.Rc7  1-0

[Event "TSV Willsbach"]
[Site "Loewenstein"]
[Date "1997.??.??"]
[Round "5"]
[White "Bosboom, Manuel"]
[Black "Pedzich, Dominik"]
[Result "1-0"]
[WhiteElo "2410"]
[BlackElo "2465"]

1.d4 Nf6 2.c4 g6 3.Nc3 Bg7 4.e4 d6 5.Nf3 O-O 6.Be2 e5 7.O-O Nc6 8.d5 Ne7
9.b4 Nh5 10.Re1 f5 11.Ng5 Nf6 12.f3 h6 13.Ne6 Bxe6 14.dxe6 c6 15.Be3 Kh7
16.Rc1 Ne8 17.Qb3 Rf6 18.c5 d5 19.exd5 cxd5 20.Rcd1 d4 21.f4 Qc8 22.fxe5 Rxe6
23.Bxd4 Nc6 24.Bf2 Nxe5 25.Nd5 Nc6 26.b5 Ne5 27.Rc1 h5 28.Nf4 Re7 29.Bh4 Bf6
30.Qg3 Ng4 31.Bxf6 Nexf6 32.Bxg4 Rxe1+ 33.Qxe1 Nxg4 34.Qe7+ Kh6 35.c6 Qh8
36.Qd6 Rg8 37.c7 Nf6 38.Ne6 Ng4 39.Qf4+ g5 40.Nxg5 Kg6 41.Nf3  1-0

[Event "Rheinhessen-ch H1 op"]
[Site "Mainz"]
[Date "1997.??.??"]
[Round "1"]
[White "Braum, Hermann Josef"]
[Black "Haasler, Andreas"]
[Result "0-1"]
[WhiteElo "1426"]
[BlackElo "1726"]

1.d4 Nf6 2.Nf3 g6 3.c4 Bg7 4.Nc3 O-O 5.e4 d6 6.Be2 e5 7.O-O Nc6 8.d5 Ne7
9.Ne1 Nd7 10.a4 a5 11.Nd3 f5 12.f3 f4 13.Bd2 b6 14.b4 axb4 15.Nxb4 Nc5 16.Nd3 Nd7
17.Nb5 Ba6 18.a5 Bxb5 19.cxb5 bxa5 20.Rxa5 Rxa5 21.Bxa5 Qb8 22.Qb1 Qa7+ 23.b6 Qxa5
24.bxc7 Qxc7 25.Rc1 Qb6+ 26.Qxb6 Nxb6 27.Nb4 Rc8 28.Nc6 Kf8 29.Bb5 Bf6 30.Ra1 Bh4
31.Ra7 Ra8 32.Rxa8+ Nxa8 33.Nb8 Nb6 34.Kf1 Nec8 35.Ke2 Na7 36.Bc6 Nxc6 37.dxc6 Bd8
38.Kd3 Ke7 39.Na6 Na8 40.Kc4 Bb6 41.Nb4 Nc7 42.Na2 g5 43.h3 Ba5 44.Nb4 Bxb4
45.Kxb4 Kd8 46.Ka5 Kc8 47.Kb6 Kb8 48.Ka5 Ka7 49.Kb4 Kb6  0-1

[Event "Rheinhessen-ch M2"]
[Site "Mainz"]
[Date "1997.??.??"]
[Round "3"]
[White "Pela, Edward"]
[Black "Boos, Patrick"]
[Result "1/2-1/2"]
[WhiteElo "1956"]
[BlackElo "1973"]

1.d4 Nf6 2.Nf3 g6 3.c4 Bg7 4.Nc3 O-O 5.e4 d6 6.Be2 e5 7.O-O Nc6 8.d5 Ne7
9.Ne1 Nd7 10.f3 f5 11.g4 a5 12.Nd3 Kh8 13.Be3 b6 14.Kg2 Ng8 15.Qd2 f4 16.Bf2 h5
17.h3 Nc5 18.Nxc5 bxc5 19.a4 Bf6 20.Qe1 Rf7 21.Nb5 Rh7 22.Rh1 Be7 23.Bd3 Nf6
24.g5 Nd7 25.h4 Nb8 26.Qd2  1/2-1/2

[Event "Rheinhessen-ch M1"]
[Site "Mainz"]
[Date "1997.??.??"]
[Round "9"]
[White "Leusing, Andre"]
[Black "Kuenitz, Klaus"]
[Result "0-1"]
[WhiteElo "2018"]
[BlackElo "2150"]

1.Nf3 Nf6 2.d4 g6 3.c4 Bg7 4.Nc3 O-O 5.e4 d6 6.Be2 e5 7.O-O Nc6 8.d5 Ne7
9.b4 a5 10.Ba3 axb4 11.Bxb4 Nh5 12.Re1 Nf4 13.Bf1 Kh8 14.a4 Bg4 15.c5 f5
16.cxd6 cxd6 17.h3 Bh5 18.Nb5 fxe4 19.Rxe4 Nxh3+ 20.gxh3 Bxf3 21.Qd3 Bxe4
22.Qxe4 Rf4 23.Qg2 Rxb4  0-1

[Event "Greenhills op"]
[Site "Manila"]
[Date "1997.??.??"]
[Round "7"]
[White "Nadera, Barlo A"]
[Black "Calvo, Antonio"]
[Result "1-0"]
[WhiteElo "2445"]
[BlackElo "2220"]

1.d4 Nf6 2.c4 g6 3.Nc3 Bg7 4.e4 d6 5.Be2 O-O 6.Nf3 e5 7.O-O Nc6 8.d5 Ne7
9.Nd2 Nd7 10.Rb1 f5 11.b4 Nf6 12.f3 f4 13.a4 g5 14.g4 fxg3 15.hxg3 h5 16.c5 g4
17.Nc4 gxf3 18.Bxf3 Bh3 19.Bg2 Bg4 20.Qd3 Qd7 21.Rb2 Rf7 22.Nb5 Ne8 23.Rxf7 Kxf7
24.Rf2+ Kg8 25.Bg5 a6 26.Nbxd6 Ng6 27.Nxe8 Rxe8 28.d6 Kh7 29.Rd2 cxd6 30.cxd6 Qxa4
31.d7 Qa1+ 32.Qf1 Qxf1+ 33.Bxf1 Bxd7 34.Rxd7 b5 35.Nd6 Rf8 36.Nf5  1-0

[Event "CUB-ch"]
[Site "Matanzas"]
[Date "1997.??.??"]
[Round "4"]
[White "Vera, Reynaldo"]
[Black "Pecorelli Garcia, Humberto"]
[Result "1-0"]
[WhiteElo "2510"]
[BlackElo "2460"]

1.d4 Nf6 2.c4 g6 3.Nc3 Bg7 4.e4 d6 5.Be2 O-O 6.Nf3 e5 7.O-O Nc6 8.Be3 Ng4
9.Bg5 f6 10.Bc1 f5 11.Bg5 Qe8 12.dxe5 dxe5 13.Nd5 Rf7 14.Bd2 Nf6 15.Ng5 Re7
16.exf5 gxf5 17.f4 e4 18.Bc3 Nxd5 19.cxd5 Bxc3 20.bxc3 Nd8 21.Bb5 c6 22.Bc4 cxd5
23.Bxd5+ Kh8 24.Qd4+ Rg7 25.Rae1 Bd7 26.Rf3 Qg6 27.Rh3 h6 28.Ree3 Be8 29.Reg3 h5
30.Nf7+ Bxf7 31.Rxh5+ Kg8 32.Rhg5  1-0

[Event "CUB-ch"]
[Site "Matanzas"]
[Date "1997.??.??"]
[Round "6"]
[White "Rivera, Alberto"]
[Black "Pecorelli Garcia, Humberto"]
[Result "0-1"]
[WhiteElo "2440"]
[BlackElo "2460"]

1.d4 Nf6 2.c4 g6 3.Nc3 Bg7 4.e4 d6 5.Nf3 O-O 6.Be2 e5 7.O-O Nc6 8.d5 Ne7
9.b4 Nh5 10.Re1 a5 11.Ba3 axb4 12.Bxb4 Nf4 13.Bf1 Bg4 14.g3 c5 15.dxc6 Nxc6
16.Rb1 Nd4 17.Re3 Nxf3+ 18.Rxf3 Bxf3 19.Qxf3 Ne6 20.Nb5 Nd4 21.Qd1 Rxa2 22.Nxd4 exd4
23.Qb3 Ra8 24.c5 dxc5 25.Bxc5 Re8 26.Bc4 Qc7 27.Bb6 Qe7 28.Bd5 Rec8 29.Qd1 Qf6
30.Bxb7 Ra2 31.Bxd4 Qxd4 32.Qxd4 Bxd4 33.Bxc8 Rxf2 34.Kh1 h5 35.Bb7 h4 36.Bd5 Be5
37.Kg1 Bd4 38.Rf1 Rf6+ 39.Kg2 h3+  0-1

[Event "CUB-ch"]
[Site "Matanzas"]
[Date "1997.??.??"]
[Round "6"]
[White "Vera, Reynaldo"]
[Black "Vazquez, Renier"]
[Result "1/2-1/2"]
[WhiteElo "2510"]
[BlackElo "2260"]

1.d4 Nf6 2.Nf3 g6 3.c4 Bg7 4.Nc3 O-O 5.e4 d6 6.Be2 e5 7.O-O Nc6 8.d5 Ne7
9.b4 Nh5 10.Re1 f5 11.c5 Nf6 12.cxd6 cxd6 13.Nd2 fxe4 14.Ndxe4 Nxe4 15.Nxe4 Nf5
16.Bg5 Qb6 17.Rb1 Bh6 18.h4 Ng3 19.Bxh6 Nxe4 20.Be3 Qd8 21.Rc1 Qxh4  1/2-1/2

[Event "CRO-chT2"]
[Site "Medulin"]
[Date "1997.??.??"]
[Round "?"]
[White "Jelen, Igor"]
[Black "Delchev, Aleksander"]
[Result "0-1"]
[WhiteElo "2405"]
[BlackElo "2515"]

1.d4 Nf6 2.c4 g6 3.Nc3 Bg7 4.e4 d6 5.Nf3 O-O 6.Be2 e5 7.O-O Nc6 8.d5 Ne7
9.Nd2 a5 10.a3 Nd7 11.Rb1 f5 12.b4 Kh8 13.f3 c6 14.c5 axb4 15.axb4 dxc5 16.d6 Ng8
17.b5 Ngf6 18.Nc4 Nh5 19.exf5 gxf5 20.g3 Rg8 21.f4 exf4 22.Bxh5 fxg3 23.Rb3 Qh4
24.Qe2 Bd4+ 25.Be3 Ne5  0-1

[Event "CRO-chT2"]
[Site "Medulin"]
[Date "1997.??.??"]
[Round "?"]
[White "Arbanas, Josip"]
[Black "Muslija, Idris"]
[Result "1/2-1/2"]
[WhiteElo "2175"]
[BlackElo "2160"]

1.Nf3 Nf6 2.d4 g6 3.c4 Bg7 4.Nc3 O-O 5.e4 d6 6.Be2 e5 7.O-O Nc6 8.d5 Ne7
9.b4 Nh5 10.Re1 Nf4 11.Bf1 Bg4 12.h3 Bd7 13.a4 f5 14.Ra3 h6 15.c5 g5 16.Nd2 fxe4
17.Ndxe4 Bf5 18.cxd6 cxd6 19.Nb5 Nc8 20.a5 Qd7  1/2-1/2

[Event "CRO-chT"]
[Site "Medulin"]
[Date "1997.??.??"]
[Round "?"]
[White "Sulava, Nenad"]
[Black "Jurkovic, Ante"]
[Result "0-1"]
[WhiteElo "2380"]
[BlackElo "2320"]

1.Nf3 Nf6 2.c4 g6 3.Nc3 Bg7 4.e4 d6 5.d4 O-O 6.Be2 e5 7.O-O Nc6 8.d5 Ne7
9.Ne1 Ne8 10.f4 exf4 11.Bxf4 f5 12.Qd2 fxe4 13.Nxe4 Nf6 14.Nxf6+ Rxf6 15.Nc2 Bf5
16.Ne3 Qd7 17.Bg5 Rff8 18.Bf3 h6 19.Bh4 g5 20.Bg3 Ng6 21.c5 dxc5 22.Nxf5 Rxf5
23.Be4 Bd4+ 24.Kh1 Rxf1+ 25.Rxf1 Rf8 26.Qd3 Rxf1+ 27.Qxf1 Ne5 28.Qf6 Qf7
29.Bxe5 Qxf6 30.Bxf6 Bxf6 31.b3 Kf7 32.g4 Bd4 33.Kg2 Kf6 34.Kf3 Ke5 35.d6 cxd6
36.Bxb7 Bg1 37.h3 Kd4 38.Ke2 Be3 39.Bc6 Bf4 40.Bb7 Kc3 41.Bd5 Kd4 42.Bb7 a5
43.a4 d5 44.Kd1 c4 45.bxc4 dxc4 46.Kc2 Bd6 47.Bc6 Be5 48.Kd2 c3+ 49.Kc2 Ke3
50.Be8 Kf3 51.Bh5 Kg3 52.Kb3 Kxh3 53.Kc2 Kg3 54.Kb3 Kf3 55.Kc2 Ke3 56.Bg6 Kd4
57.Kb3 Bf6 58.Kc2 Kc4 59.Bf7+ Kb4 60.Be8 Be5 61.Bd7 h5 62.gxh5 Kc4  0-1

[Event "Carlos Torre mem op"]
[Site "Merida"]
[Date "1997.??.??"]
[Round "8"]
[White "Vera, Reynaldo"]
[Black "Martin del Campo, Jorge"]
[Result "1-0"]
[WhiteElo "2530"]
[BlackElo "2280"]

1.d4 Nf6 2.c4 g6 3.Nc3 Bg7 4.e4 d6 5.Be2 O-O 6.Nf3 e5 7.O-O Nc6 8.Be3 h6
9.d5 Ne7 10.Nd2 c6 11.b4 a5 12.Rb1 axb4 13.Rxb4 Nd7 14.Rb2 f5 15.f3 f4 16.Bf2 g5
17.dxc6 bxc6 18.Nb3 Qc7 19.Rd2 Rf6 20.c5 dxc5 21.Qc2 Rd6 22.Rxd6 Qxd6 23.Rd1 Qc7
24.Qd2 Bf8 25.Bc4+ Kg7 26.Be6 Nf6 27.Nxc5 Ng6 28.Qd8 Qxd8 29.Rxd8 Ne7 30.a4 h5
31.h3 Nh7 32.a5 Rxa5 33.Bxc8 Nxc8 34.Ne6+ Kf7 35.Nxf8 Nxf8 36.Rxc8 Ra6 37.Rc7+ Kf6
38.Ra7 Rxa7 39.Bxa7 Ne6 40.Kf2 g4 41.hxg4 hxg4 42.fxg4 Kg5 43.Bb8 Kxg4 44.Bxe5 c5
45.Nd5 c4 46.Nf6+ Kg5 47.Kf3 Nc5  1-0

[Event "Metz op"]
[Site "Metz"]
[Date "1997.??.??"]
[Round "4"]
[White "Buckley, Graeme"]
[Black "Laufer, Thierry"]
[Result "1-0"]
[WhiteElo "2320"]
[BlackElo "1920"]

1.d4 Nf6 2.c4 g6 3.Nc3 Bg7 4.e4 d6 5.Nf3 O-O 6.Be2 e5 7.O-O Nc6 8.d5 Ne7
9.b4 Nd7 10.a4 a5 11.Ba3 h6 12.bxa5 Rxa5 13.Nd2 Nc5 14.Bxc5 dxc5 15.Nb3 Ra8
16.Nxc5 b6 17.Nb3 f5 18.a5 f4 19.axb6 Rxa1 20.Nxa1 cxb6 21.d6 Nf5 22.exf5 Bxf5
23.Qd5+ Kh8 24.Rd1 Rf6 25.Bf3 Be6 26.Qc6 Rf7 27.Nc2 g5 28.Be4 g4 29.g3 fxg3
30.hxg3 Bf8 31.Ne3 Qf6 32.Rd2 h5 33.d7 Be7 34.Ncd5 Bxd5 35.d8=Q+ Bxd8 36.Qe8+ Kg7
37.Nf5+  1-0

[Event "Central America-ch"]
[Site "MEX"]
[Date "1997.??.??"]
[Round "?"]
[White "Davila, Carlos"]
[Black "Minero Pineda, Sergio"]
[Result "1/2-1/2"]
[WhiteElo "2350"]
[BlackElo "2400"]

1.d4 Nf6 2.c4 g6 3.Nc3 Bg7 4.e4 d6 5.Be2 O-O 6.Nf3 e5 7.O-O Nc6 8.d5 Ne7
9.b4 a5 10.Ba3 axb4 11.Bxb4 Nd7 12.Ne1 f5 13.Nd3 b6 14.Re1 Nf6 15.f3 Bh6
16.Bf1 fxe4 17.Nxe4 Nf5 18.Bd2 Bxd2 19.Qxd2 Nxe4 20.Rxe4 g5 21.a4 Nd4 22.Qd1 Bf5
23.Re3 Qd7 24.Nb4 Rf6 25.Bd3 Qg7  1/2-1/2

[Event "Central America-ch"]
[Site "MEX"]
[Date "1997.??.??"]
[Round "?"]
[White "Valdes, Leonardo"]
[Black "Pilarte, Rene"]
[Result "1/2-1/2"]
[WhiteElo "2180"]
[BlackElo "2230"]

1.c4 Nf6 2.Nc3 g6 3.Nf3 Bg7 4.d4 d6 5.e4 O-O 6.Be2 e5 7.O-O Nc6 8.d5 Ne7
9.b4 Nh5 10.Re1 h6 11.c5 f5 12.cxd6 cxd6 13.Nd2 Nf6 14.a4 fxe4 15.Ndxe4 Nf5
16.Bd3 Nd4 17.Ra2 Bf5 18.Nb5 Nxe4 19.Bxe4 Nxb5 20.axb5 Qb6 21.Qd3 a6 22.Bxf5 gxf5
23.bxa6 Rxa6 24.Be3 Qxb4 25.Rb1 e4 26.Rxb4 exd3 27.Rxa6 bxa6 28.Rb3 a5 29.Rxd3 a4
30.Ra3 Ra8 31.Kf1 Bb2 32.Ra2 a3 33.Bf4 Ra6 34.Ke2 h5 35.Bd2 Ra4 36.Kd3 Kf7
37.Bc3  1/2-1/2

[Event "Mondariz op"]
[Site "Mondariz"]
[Date "1997.??.??"]
[Round "?"]
[White "Psakhis, Lev"]
[Black "Baches Garcia, Guillermo"]
[Result "1/2-1/2"]
[WhiteElo "2565"]
[BlackElo "2275"]

1.Nf3 Nf6 2.c4 g6 3.Nc3 Bg7 4.e4 d6 5.d4 O-O 6.Be2 e5 7.O-O Nc6 8.d5 Ne7
9.b4 a5 10.Ba3 axb4 11.Bxb4 Nd7 12.a4 h6 13.a5 f5 14.Nd2 Rf6 15.Nb5 Rf7 16.Ra3 Kh7
17.Bd3 fxe4 18.Nxe4 Nf6 19.Qb1 Nxe4 20.Bxe4 Bf5 21.f3 Qd7 22.Qd3 Ng8 23.Bd2 Bxe4
24.fxe4 Rxf1+ 25.Qxf1 Nf6 26.Qd3 Qg4 27.Nc3 Nd7 28.Qb1 Nc5 29.Be3 Rf8 30.Ra2 h5
31.Rf2 Rxf2 32.Bxf2 Bh6 33.Bxc5 dxc5 34.d6 Be3+ 35.Kh1 cxd6 36.Nd5 Qe2 37.Qxb7+ Kh6
38.Qb1 Bd2 39.a6 Be1 40.Qc1+ Bd2 41.Qa1 Be1 42.Qc1+ Bd2 43.Qa1 Be1 44.Qc1+  1/2-1/2

[Event "Mondariz op"]
[Site "Mondariz"]
[Date "1997.??.??"]
[Round "?"]
[White "Rodriguez Lopez, Rafael"]
[Black "Lanka, Zigurds"]
[Result "0-1"]
[WhiteElo "2325"]
[BlackElo "2565"]

1.c4 Nf6 2.Nc3 g6 3.e4 d6 4.d4 Bg7 5.Be2 O-O 6.Nf3 e5 7.O-O Nc6 8.d5 Ne7
9.b4 a5 10.Ba3 axb4 11.Bxb4 Nd7 12.Nd2 f5 13.Nb3 b6 14.a4 Nc5 15.Qc2 Kh8
16.Nd2 Bh6 17.Rfd1 Bxd2 18.Rxd2 fxe4 19.Nxe4 Bf5 20.f3 Bxe4 21.fxe4 Ng8 22.Rdd1 Qg5
23.Bd2 Qh4 24.Bf3 Nb7 25.Rf1 Qe7 26.Be3 h6 27.Bg4 Nc5 28.Rxf8 Rxf8 29.a5 bxa5
30.Bxc5 dxc5 31.Be6 Qg5 32.Bxg8 Qe3+ 33.Kh1 Kxg8 34.h3 h5 35.Qb1 Qc3 36.Qa2 h4
37.Qa4 Kg7 38.Kh2 Rf7 39.Qxa5 Qxc4 40.Qe1  0-1

[Event "Moravia-chT 9697"]
[Site "?"]
[Date "1997.??.??"]
[Round "?"]
[White "Jerabek, Petr"]
[Black "Pisk, Petr"]
[Result "0-1"]
[WhiteElo "2220"]
[BlackElo "2305"]

1.d4 Nf6 2.c4 g6 3.Nc3 Bg7 4.e4 d6 5.Nf3 O-O 6.Be2 e5 7.O-O Nc6 8.d5 Ne7
9.Ne1 Nd7 10.Be3 f5 11.f3 f4 12.Bf2 h5 13.a4 g5 14.a5 Rf6 15.b4 Rg6 16.c5 a6
17.cxd6 cxd6 18.Na4 Qe8 19.h3 g4 20.fxg4 hxg4 21.Bxg4 Nf6 22.Bxc8 Rxc8 23.Qd3 Nfxd5
24.Qb3 Kh8 25.exd5 e4 26.Ra2 Nf5 27.Nc2 Be5 28.Re1 Rxg2+ 29.Kxg2 f3+ 30.Kf1 Qb5+
31.Kg1 Rg8+ 32.Kh1 Qd7 33.Rg1 Ng3+ 34.Rxg3 Rxg3 35.Bxg3 Qxh3+  0-1

[Event "Moravia-chT 9697"]
[Site "?"]
[Date "1997.??.??"]
[Round "?"]
[White "Jerabek, Petr"]
[Black "Nedela, Vlastimil"]
[Result "0-1"]
[WhiteElo "2220"]
[BlackElo "2375"]

1.d4 g6 2.c4 Bg7 3.Nc3 Nf6 4.e4 d6 5.Nf3 O-O 6.Be2 e5 7.O-O Nc6 8.d5 Ne7
9.Ne1 Nd7 10.Be3 f5 11.f3 f4 12.Bf2 g5 13.a4 Nf6 14.c5 h5 15.cxd6 cxd6 16.a5 Ng6
17.Nb5 g4 18.Kh1 g3 19.Bg1 gxh2 20.Bxa7 h4 21.Bb6 Qe7 22.Nc7 Nh5 23.Nxa8 Ng3+
24.Kxh2 h3 25.gxh3 Qh4 26.Ng2 Qxh3+ 27.Kg1 Nh4 28.Nxh4 Qxh4 29.a6 Kf7 30.Qc2 Rh8
31.Qc7+ Kg6 32.Qxd6+ Bf6  0-1

[Event "Moscow"]
[Site "Moscow"]
[Date "1997.??.??"]
[Round "8"]
[White "Zenin, Dmitri"]
[Black "Evelev, Vladimir M"]
[Result "1-0"]
[WhiteElo "2315"]
[BlackElo "2250"]

1.d4 Nf6 2.c4 g6 3.Nc3 Bg7 4.e4 d6 5.Nf3 O-O 6.Be2 e5 7.O-O Nc6 8.d5 Ne7
9.Ne1 Nd7 10.Nd3 f5 11.Bd2 Nf6 12.f3 h5 13.c5 f4 14.cxd6 cxd6 15.Nf2 g5 16.h3 Ng6
17.Qc2 Rf7 18.Rfc1 Bf8 19.Nb5 Ne8 20.a4 Bd7 21.Qb3 a6 22.Na3 Rb8 23.a5 Rg7
24.Qb6 Qf6 25.Rc3 g4 26.fxg4 Nh4 27.Be1 Qg5 28.Nc4 Bb5 29.g3 fxg3 30.Rxg3 Ng6
31.Qe3 Nf4 32.Bf1 Nf6 33.Kh2 Be7 34.gxh5 Qxh5 35.Rxg7+ Kxg7 36.Ra3 Kf7 37.Qf3 Qh7
38.Bd2 Ng6 39.Bg5 Rd8 40.Ng4 Qh8 41.Nce3 Nh4 42.Qf2 Kg6 43.Bxh4 Nxg4+ 44.Nxg4 Bxh4
45.Qf5+ Kg7 46.Bxb5 axb5 47.Rc3 Qf8 48.Rc7+ Be7 49.Qg5+ Kf7 50.Nh6+  1-0

[Event "Moscow-2 "]
[Site "Moscow"]
[Date "1997.??.??"]
[Round "11"]
[White "Klichev, Mikhail"]
[Black "Odeev, Handszar"]
[Result "0-1"]
[WhiteElo "2355"]
[BlackElo "2420"]

1.d4 Nf6 2.c4 g6 3.Nc3 Bg7 4.Nf3 O-O 5.e4 d6 6.Be2 e5 7.O-O Nc6 8.dxe5 dxe5
9.Be3 Bg4 10.Qa4 Nd4 11.Qd1 Bxf3 12.Bxf3 c6 13.Bxd4 exd4 14.Ne2 Re8 15.Ng3 d3
16.Qb3 Qd7 17.Rfe1 Rad8 18.Rad1 Re5 19.Rxd3 Qxd3 20.Rd1 Qxd1+ 21.Bxd1 Nxe4
22.Nxe4 Rxe4 23.Kf1 Rd2 24.Bf3 Re7 25.Qa3 Re8 26.h4 Bd4 27.Kg1 Re1+ 28.Kh2 Be5+
29.Kh3 Rh1+ 30.Kg4  0-1

[Event "New York op"]
[Site "New York"]
[Date "1997.??.??"]
[Round "?"]
[White "Yermolinsky, Alex"]
[Black "Young, Angelo"]
[Result "1-0"]
[WhiteElo "2630"]
[BlackElo "2435"]

1.Nf3 Nf6 2.c4 g6 3.Nc3 Bg7 4.e4 d6 5.d4 O-O 6.Be2 e5 7.O-O Nc6 8.d5 Ne7
9.Ne1 Nd7 10.Be3 f5 11.f3 Rf6 12.Rc1 Bf8 13.f4 Bh6 14.Nd3 Rf7 15.Bd2 Bg7
16.Bf3 Rb8 17.b4 c6 18.Kh1 cxd5 19.cxd5 a6 20.a4 b6 21.exf5 gxf5 22.fxe5 Nxe5
23.Nf4 N7g6 24.Ne6 Qh4 25.g3 Qe7 26.Bg2 Kh8 27.Nxg7 Kxg7 28.Ne2 h5 29.Nf4 h4
30.Qh5 Qf6 31.Nxg6 Qxg6 32.Qxh4 Bd7 33.Qd4 Bxa4 34.Bf4 Re7 35.Rce1 Rbe8 36.Qxb6 Bb5
37.Rg1 Nd3 38.Rxe7+ Rxe7 39.Bf3 Rd7 40.Qd4+ Qf6 41.Bh6+ Kf7 42.Bh5+ Ke7 43.Qe3+ Qe5
44.Qg5+  1-0

[Event "New York op"]
[Site "New York"]
[Date "1997.??.??"]
[Round "6"]
[White "Epishin, Vladimir"]
[Black "Shaked, Tal"]
[Result "1-0"]
[WhiteElo "2600"]
[BlackElo "2445"]

1.d4 Nf6 2.c4 g6 3.Nc3 Bg7 4.e4 d6 5.Nf3 O-O 6.Be2 e5 7.O-O Nc6 8.d5 Ne7
9.b4 a5 10.bxa5 c5 11.Nd2 Rxa5 12.Nb3 Ra6 13.a4 Nd7 14.Be3 f5 15.f3 f4 16.Bf2 g5
17.a5 Rf7 18.Nb5 Bf8 19.Nxd6 Rxd6 20.Nxc5 Nxc5 21.Bxc5 Rh6 22.Ba3 Rg7 23.Rf2 Ra6
24.c5 Rxa5 25.Qb3 Ng6 26.Rc1 h5 27.Bb4 Ra8 28.h3 g4 29.d6+ Kh8 30.fxg4 Qg5
31.Qd1 Ra2 32.gxh5 Nh4 33.Bg4 Rxf2 34.Kxf2 Bxg4 35.hxg4 f3 36.d7  1-0

[Event "Newport Masters"]
[Site "Newport"]
[Date "1997.??.??"]
[Round "4"]
[White "Gormally, Daniel"]
[Black "Cole, Roland"]
[Result "1-0"]
[WhiteElo "2425"]
[BlackElo "2245"]

1.d4 Nf6 2.c4 g6 3.Nc3 Bg7 4.e4 d6 5.Nf3 O-O 6.Be2 e5 7.O-O Nc6 8.d5 Ne7
9.b4 Nh5 10.Re1 Nf4 11.Bf1 f5 12.Bxf4 exf4 13.e5 Re8 14.Rc1 a5 15.exd6 cxd6
16.Nb5 axb4 17.c5 Ra6 18.cxd6 Rxd6 19.Nxd6 Qxd6 20.Rxe7 Qxe7 21.d6 Qd8 22.Rxc8 Qxc8
23.d7 Qd8 24.dxe8=Q+ Qxe8 25.Qb3+ Kh8 26.Qxb4 Qd7 27.Qxf4 h6 28.h4 Qe7 29.h5 g5
30.Qxf5 Qf6 31.Qe4 Qf4 32.Qxb7  1-0

[Event "JUG-ch52"]
[Site "Niksic"]
[Date "1997.??.??"]
[Round "1"]
[White "Pavlovic, Milos"]
[Black "Popovic, Petar"]
[Result "1/2-1/2"]
[WhiteElo "2505"]
[BlackElo "2545"]

1.d4 Nf6 2.c4 g6 3.Nc3 Bg7 4.e4 d6 5.Nf3 O-O 6.Be2 e5 7.O-O Nc6 8.d5 Ne7
9.Nd2 a5 10.Rb1 Nd7 11.a3 f5 12.b4 Kh8 13.f3 Ng8 14.Qc2 axb4 15.axb4 Ndf6
16.c5 Nh5 17.Nc4 Nf4 18.b5 dxc5 19.b6 cxb6 20.Nxb6 Ra5 21.Bc4 fxe4 22.Nxc8 exf3
23.Nb6 fxg2 24.Rf3 Qh4 25.Bxf4 Rxf4 26.Qxg2 Rxc4 27.Nxc4 Qxc4 28.Qe2 Qg4+
29.Kh1 Bf6  1/2-1/2

[Event "JUG-chT (Women)"]
[Site "Niksic"]
[Date "1997.??.??"]
[Round "2"]
[White "Prudnikova, Svetlana"]
[Black "Kiseleva, Natalia"]
[Result "1/2-1/2"]
[WhiteElo "2385"]
[BlackElo "2335"]

1.d4 Nf6 2.c4 g6 3.Nc3 Bg7 4.e4 d6 5.Be2 O-O 6.Nf3 e5 7.O-O Nc6 8.d5 Ne7
9.b4 a5 10.Ba3 axb4 11.Bxb4 b6 12.a4 Nd7 13.a5 Nc5 14.axb6 Rxa1 15.Qxa1 cxb6
16.Rb1 f5 17.Bxc5 bxc5 18.Rb8 fxe4 19.Nxe4 Qc7 20.Qa8 Nf5 21.h3 h6 22.Nfd2 Nd4
23.Bd3 Nf5 24.Bc2 Ne7 25.Ba4 Kf7 26.Nxd6+ Qxd6 27.Ne4 Qa6 28.d6 Qxa8 29.Rxa8 Bf5
30.Rxf8+ Bxf8 31.dxe7  1/2-1/2

[Event "NOR-chT"]
[Site "NOR"]
[Date "1997.??.??"]
[Round "3"]
[White "Harestad, Hans Krogh"]
[Black "Gullaksen, Eirik T"]
[Result "1/2-1/2"]
[WhiteElo "2205"]
[BlackElo "2325"]

1.d4 Nf6 2.c4 g6 3.Nc3 Bg7 4.e4 d6 5.Nf3 O-O 6.Be2 e5 7.O-O Nc6 8.d5 Ne7
9.Nd2 a5 10.a3 Bd7 11.b3 c5 12.Rb1 Ne8 13.b4 axb4 14.axb4 b6 15.bxc5 bxc5
16.Nb3 f5 17.Bg5 h6 18.Bd2 fxe4 19.Nxe4 Nf5 20.Ra1 Nf6 21.Bd3 Nxe4 22.Bxe4 Qf6
23.Qf3 Kh7 24.g4 Nd4 25.Nxd4 exd4 26.Qxf6 Bxf6 27.f3 Rae8 28.Ra7 Rf7 29.Rb1 Ree7
30.Rb6 Bc8 31.Rxe7 Bxe7 32.Rc6 Bd7 33.Rc7 Bd8 34.Rb7 Be8 35.Rb8 Rd7 36.Bc2 Bf7
37.Bf4 Be7 38.Rb6 Ra7 39.Be4 Rd7 40.Ra6 Kg7 41.Bc2 Bf8 42.h4 Be7 43.g5 hxg5
44.hxg5 Rb7 45.Bxd6 Bxg5 46.f4 Bf6 47.Bxc5 Rc7 48.Rxf6 Rxc5 49.Rc6 Rxc6 50.dxc6 Bxc4
51.c7 Be6 52.Be4 Kf6 53.Kf2 Bc8 54.Bd3 Ke7 55.Bxg6 Kd6 56.Kf3  1/2-1/2

[Event "NOR-chT"]
[Site "NOR"]
[Date "1997.??.??"]
[Round "6"]
[White "Harestad, Hans Krogh"]
[Black "Jaeger, Frode Bull"]
[Result "1-0"]
[WhiteElo "2205"]
[BlackElo "2020"]

1.d4 Nf6 2.c4 g6 3.Nc3 Bg7 4.e4 d6 5.Nf3 O-O 6.Be2 e5 7.O-O Nc6 8.d5 Ne7
9.Nd2 a5 10.a3 Bd7 11.b3 c6 12.Bb2 c5 13.b4 axb4 14.axb4 cxb4 15.Rxa8 Qxa8
16.Nb5 Bxb5 17.cxb5 Bh6 18.Bd3 Qa2 19.Qc2 Rc8 20.Nc4 Qa7 21.b6 Qb8 22.Qb3 Nd7
23.Qxb4 Nc5 24.Bb1 f5 25.f3 Rf8 26.Bxe5 dxe5 27.Qxc5 Rc8 28.Qxe7 Rxc4 29.exf5  1-0

[Event "Nova Gorica op"]
[Site "Nova Gorica"]
[Date "1997.??.??"]
[Round "6"]
[White "Timoshenko, Georgy"]
[Black "Cvitan, Ognjen"]
[Result "1/2-1/2"]
[WhiteElo "2510"]
[BlackElo "2550"]

1.d4 Nf6 2.c4 g6 3.Nc3 Bg7 4.e4 d6 5.Nf3 O-O 6.Be2 e5 7.O-O Nc6 8.d5 Ne7
9.b4 Nh5 10.Re1 a5 11.Ba3 Nf4 12.Bf1 Bg4 13.h3 Bxf3 14.Qxf3 axb4 15.Bxb4 b5  1/2-1/2